|
|
|
|
| LEADER |
00000cam a2200000 a 4500 |
| 001 |
UCD4945 |
| 003 |
CL-VaPUC |
| 008 |
160731e20030000cl |||||||||||||||||spa|d |
| 020 |
|
|
|a 9562563928
|
| 082 |
0 |
4 |
|a 262.3
|b CON
|2 21
|
| 110 |
2 |
|
|a Consejo Pontificio de la Cultura
|e author
|9 588662
|
| 245 |
1 |
0 |
|a Jesucristo portador del agua de la vida: una reflexión cristiana sobre la Nueva Era
|
| 250 |
|
|
|a 1a. ed
|
| 300 |
|
|
|a 153 p
|
| 942 |
|
|
|c BK
|
| 945 |
|
|
|d 20160731 21:25:00
|a dcastane
|
| 260 |
|
|
|a Santiago
|b San Pablo
|c 2003
|
| 650 |
|
0 |
|a Cristología
|9 315091
|
| 650 |
|
0 |
|a Vida de Jesús
|9 478097
|
| 650 |
|
7 |
|a EVANGELIZACION
|2 CL-VaPUC
|9 588664
|
| 583 |
|
|
|a last modification
|c 20160731 21:25:00
|k Rodrigo Vera
|
| 999 |
|
|
|c 365732
|d 365730
|
| 952 |
|
|
|0 0
|1 0
|3 erb
|4 0
|6 262_300000000000000_CON_2003
|7 0
|8 A
|9 479679
|a BIBTEO
|b BIBTEO
|e Villagrán Garnham, Jorge
|i 5317754
|o 262.3 CON 2003
|p 5317754
|r 2025-01-17
|w 2019-11-24
|y BK
|z Catalogado en:20160731
|k ICR
|